00242nam a2200097Ia 4500008004100000100002000041245003900061260002800100300000800128650000800136191201s2011 xx 000 0 und d aLEVINE, David M 0aBusiness Statistics a First Course aN. DelhibPearsonc2011 a665 aBBA